Il nobile Von. : lettere non spedite a Francesco Zambon veneziano /
Sábháilte in:
| Príomhchruthaitheoir: | |
|---|---|
| Formáid: | LEABHAR |
| Teanga: | Iodáilis |
| Foilsithe / Cruthaithe: |
Lecce :
Manni,
[2008]
|
| Sraith: | Chicchi ;
2 |
| Clibeanna: |
Níl clibeanna ann, Bí ar an gcéad duine le clib a chur leis an taifead seo!
|
MARC
| LEADER | 00000nam a22000007i 4500 | ||
|---|---|---|---|
| 001 | IT\ICCU\LZ1\0238141 | ||
| 003 | ItRI | ||
| 005 | 20250724213200.0 | ||
| 008 | 080321s2008 it |||||| ||||| |||||c | ||
| 020 | |a 9788881769926 | ||
| 040 | |b ita |c ct | ||
| 041 | 7 | |a ita |2 ISO-639-2 | |
| 100 | 1 | |a Naldini, Nico |0 IT\ICCU\CFIV\022524 |4 aut | |
| 240 | 1 | 3 | |a Il nobile Von |9 Naldini, Nico |
| 245 | 1 | 3 | |a Il nobile Von. : |b lettere non spedite a Francesco Zambon veneziano / |c Nico Naldini. |
| 260 | |a Lecce : |b Manni, |c [2008] | ||
| 300 | |a 47 p. ; |c 17 cm | ||
| 830 | 0 | |a Chicchi ; |v 2 |0 IT\ICCU\LZ1\0238137 | |
| 942 | |2 ddc |c BK | ||
| 952 | |0 0 |1 0 |2 ddc |4 0 |7 0 |9 7264 |a MI |b MI |d 2010-01-25 |i 5825 |l 0 |p CDOM5825 |r 2025-07-13 16:28:35 |w 2025-07-13 |x ACQUISTO |y BK | ||
| 981 | 1 | |6 z01 |a i |b xxxe | |
| 982 | 1 | |6 z01 |a n | |
| 999 | |c 5972 |d 5972 | ||